BIBLIOTECA PODER JUDICIAL
Portal Judicial TDF

El tercero en el proceso / (Registro nro. 1568)

000 -LEADER
fixed length control field 00626nam a22001937a 4500
003 - CONTROL NUMBER IDENTIFIER
control field OSt
005 - DATE AND TIME OF LATEST TRANSACTION
control field 20180927103002.0
008 - FIXED-LENGTH DATA ELEMENTS--GENERAL INFORMATION
fixed length control field 180220b xxu||||| |||| 00| 0 spa d
040 ## - CATALOGING SOURCE
Transcribing agency PJ
100 ## - ASIENTO PRINCIPAL - NOMBRE DE PERSONA
9 (RLIN) 2392
Personal name Mercader, Amilcar
245 13 - MENCIÓN DE TÍTULO
Título propiamente dicho El tercero en el proceso /
Mención de responsabilidad, etc Amilcar Mercader; prólogo de Santiago Sentis Melendo.
260 ## - PUBLICATION, DISTRIBUTION, ETC. (IMPRINT)
Place of publication, distribution, etc Buenos Aires :
Date of publication, distribution, etc Abeledo-Perrot,
Name of publisher, distributor, etc 1960.
300 ## - DESCRIPCION FISICA
Extent 99 p.
Dimensions 19 cm.
490 ## - MENCION DE SERIE
Mención de Serie Monografías Jurídicas
Designación numérica/secuencial del volumen 34
650 #0 - ASIENTO SECUNDARIO DE MATERIA - TERMINO TEMATICO
9 (RLIN) 1148
Topical term or geographic name as entry element DERECHO PROCESAL CIVIL
650 #0 - ASIENTO SECUNDARIO DE MATERIA - TERMINO TEMATICO
9 (RLIN) 2362
Topical term or geographic name as entry element PARTES DEL PROCESO
650 #0 - ASIENTO SECUNDARIO DE MATERIA - TERMINO TEMATICO
9 (RLIN) 2363
Topical term or geographic name as entry element INTERVENCIÓN DE TERCEROS
942 ## - ADDED ENTRY ELEMENTS (KOHA)
Source of classification or shelving scheme
Koha item type Libros
Classification part 347.921.3
Item part MER
Existencias
Withdrawn status Lost status Source of classification or shelving scheme Damaged status Not for loan Permanent Location Current Location Date acquired Total Checkouts Full call number Barcode Date last seen Date checked out Price effective from Koha item type
          Biblioteca Poder Judicial Sur Biblioteca Poder Judicial Sur 2018-09-27 1 347.921.3 MER 6254 2019-12-17 2019-11-11 2018-09-27 Libros

12 de Octubre 789 Ushuaia - Tel:  54(02901)441571
Horario de Atención: 8.00 a 17.00 hs. 
bibliotecaush@justierradelfuego.gov.ar
koha@justierradelfuego.gov.ar
Seguinos en nuestras redes @bibliojustdf 

Con tecnología Koha